000
00213 a2200097 4500
001
7699
100
_a
Leondes, C.T
245
_a
Advances in control systems
260
_a
_b
Academic Press
_c
090
_c
6161
_d
6161
942
_a
NUST-CAE
_c
M
_c
32669
999
_c
242772
_d
242772